| 000 | 00705nam a2200253Ia 4500 | ||
|---|---|---|---|
| 003 | OSt | ||
| 005 | 20220912153050.0 | ||
| 006 | a|||||r|||| 00| 0 | ||
| 007 | ta | ||
| 008 | 220909b |||||||| |||| 00| 0 eng d | ||
| 024 | _a22652 | ||
| 037 | _cTextual | ||
| 040 |
_aCSL _beng _cCSL |
||
| 041 | _aeng | ||
| 082 | _aB334, K73 | ||
| 100 | _aPalamodov V P | ||
| 245 | 0 | _aLinear differential operators with constant coefficients | |
| 260 | _c1970 | ||
| 300 |
_ap. _ccm. |
||
| 490 | _aDie Grundlehren der mathematischen wissenschaften in einzeldarstellungen; 168 | ||
| 700 | _a Brown A A Tr. | ||
| 942 |
_hB334, K73 _cTEXL _2CC |
||
| 999 |
_c97578 _d97578 |
||